Statistiques concernant Les plus grands groupes de Pop

Cliquez ici pour prendre le quiz!

Statistiques générales

  • Ce quiz a été pris 31 fois
  • Le résultat moyen est 7 sur 11

Statistiques - réponses

Réponse% Correct
Abba
86%
One Direction
86%
Spice Girls
86%
Maroon 5
82%
Coldplay
75%
Black Eyed Peas
64%
Bee Gees
57%
Pussycat Dolls
46%
Earth,Wind and Fire
32%
Backstreet Boys
29%
NSYNC
29%

Distribution des résultats

Percentile par nombre de réponses

% des personnes avec chaque résultat

Votre développement - résultats

Vous n’avez pas pris ce quiz